<?xml version="1.0" encoding="UTF-8"?><?xml-stylesheet type="text/xsl" href="static/style.xsl"?><OAI-PMH xmlns="http://www.openarchives.org/OAI/2.0/" xmlns:xsi="http://www.w3.org/2001/XMLSchema-instance" xsi:schemaLocation="http://www.openarchives.org/OAI/2.0/ http://www.openarchives.org/OAI/2.0/OAI-PMH.xsd"><responseDate>2026-06-02T12:04:19Z</responseDate><request verb="GetRecord" identifier="oai:riuma.uma.es:10630/24217" metadataPrefix="marc">https://riuma.uma.es/rest/oai/request</request><GetRecord><record><header><identifier>oai:riuma.uma.es:10630/24217</identifier><datestamp>2026-02-03T12:39:30Z</datestamp><setSpec>com_10630_2254</setSpec><setSpec>col_10630_37957</setSpec></header><metadata><record xmlns="http://www.loc.gov/MARC21/slim" xmlns:dcterms="http://purl.org/dc/terms/" xmlns:doc="http://www.lyncode.com/xoai" xmlns:xsi="http://www.w3.org/2001/XMLSchema-instance" xsi:schemaLocation="http://www.loc.gov/MARC21/slim http://www.loc.gov/standards/marcxml/schema/MARC21slim.xsd">
   <leader>00925njm 22002777a 4500</leader>
   <datafield ind2=" " ind1=" " tag="042">
      <subfield code="a">dc</subfield>
   </datafield>
   <datafield ind2=" " ind1=" " tag="720">
      <subfield code="a">Baranano Abasolo, Aitor</subfield>
      <subfield code="e">author</subfield>
   </datafield>
   <datafield ind2=" " ind1=" " tag="260">
      <subfield code="c">2022</subfield>
   </datafield>
   <datafield ind2=" " ind1=" " tag="520">
      <subfield code="a">El objetivo final o global de la Tesis es diseñar un modelo de gestión y control de riesgos de una entidad aseguradora dentro del marco europeo de Solvencia II.&#xd;
Objetivos parciales (subobjetivos):&#xd;
- Establecer el marco conceptual llevando a cabo una revisión de la literatura.&#xd;
- Asignar un valor, tanto al activo como al pasivo, coherente con el mercado, es decir, se tratará de pasar de un balance contable a un balance económico.&#xd;
- La diferencia entre activo y pasivo del enfoque de balance económico respecto al balance contable, junto con el ajuste por impuesto diferido que generan dichas diferencias, compondrá el valor de mercado del capital disponible, o fondos propios a valor de mercado (el capital disponible para hacer frente al Requisito de Capital de Solvencia, SCR).&#xd;
- Se establecerá una metodología para calcular el SCR mediante la medida del VaR acorde a los riesgos inherentes en cada entidad. El valor de mercado de los fondos propios (capital disponible) deberá ser superior al SCR.&#xd;
- Una vez medido el riesgo (SCR) acorde a un valor coherente con el mercado y ajustado al perfil de riesgos de la entidad, se propondrán métodos para controlar dichos riesgos.</subfield>
   </datafield>
   <datafield ind1="8" ind2=" " tag="024">
      <subfield code="a">https://hdl.handle.net/10630/24217</subfield>
   </datafield>
   <datafield tag="653" ind2=" " ind1=" ">
      <subfield code="a">Riesgos (Seguros)</subfield>
   </datafield>
   <datafield tag="653" ind2=" " ind1=" ">
      <subfield code="a">Compañías de seguros</subfield>
   </datafield>
   <datafield tag="653" ind2=" " ind1=" ">
      <subfield code="a">Gestión del riesgo</subfield>
   </datafield>
   <datafield tag="653" ind2=" " ind1=" ">
      <subfield code="a">Universidad de Málaga - Tesis doctorales</subfield>
   </datafield>
   <datafield ind2="0" ind1="0" tag="245">
      <subfield code="a">Modelo mixto interno de gestión de la solvencia aseguradora</subfield>
   </datafield>
</record>
</metadata></record></GetRecord></OAI-PMH>